000 00732pam a2200205 a 4500
020 _a0077074084
082 0 0 _a625.8
_bCRO
_cL-37, P-60,
100 1 _aCroney, David,
_939605
245 1 4 _aThe design and performance of road pavements /
_cDavid Croney and Paul Croney.
250 _a2nd ed.
260 _aLondon ;
_aNew York :
_bMcGraw-Hill Book Co.,
_cc1991.
300 _ax, 592 p. :
_bill. ;
_c25 cm.
526 _a0
_b0
_c0
_d625_800000000000000_CRO
650 0 _aMCE
_9379
650 0 _aPavements
_zGreat Britain
_xDesign and construction.
_939606
650 0 _aPavements
_zGreat Britain
_xMaintenance and repair.
_939607
650 0 _aPavements
_zGreat Britain
_xTesting.
_939608
700 1 _aCroney, Paul,
_939609
942 _2ddc
_cBK
999 _c544067
_d544067